Trianoni memento merénylet a béke ellen

Bibliographic Details
Main Author: Fónod, Zoltán, 1930-2021 (Author)
Format: Article
Language:Hungarian
Subjects:

MARC

LEADER 00000nab a2200000 a 4500
001 vtls000725989
003 SK-MaSNL
005 20260319074512.0
008 160405c2000 xo 0 hun
015 |a SNBRB2000/06-17603 
035 |a CLN000078149 
040 |a SNKBUCL  |b slo  |c SNKBUCL  |e AACR2 
041 0 |a hun 
044 |a xo  |c SK 
080 |a 894.511 (437.6)-4=945.11  |2 1997 
080 |a 940.5"1920"  |2 1997 
100 1 |a Fónod, Zoltán,  |d 1930-2021  |4 aut  |9 220458 
245 1 0 |a Trianoni memento  |b merénylet a béke ellen  |c Fónod Zoltán 
630 0 7 |a Treaty of Peace between the Allied and Associated Powers and Hungary (1920 jún 4.)  |2 snkbucl  |9 189441 
650 0 7 |a eseje, maďarské  |2 snkbucl  |9 582855 
655 7 |a články z novín a časopisov  |2 snkbucl  |9 267496 
773 0 |t Szabad újság  |g Roč. 8, č. 22 (2000), s. 1 a 5 
850 |a Slovenská národná knižnica v Martine 
852 |a SNK  |b KIS3GCP 
958 |a HU 
958 |a SK 
958 |a RBX 
999 |c 1454031  |d 1455961